Global competitiveness of Indian rubber plantation industry: Rubber Planters Conference India 2002 (Record no. 52477)

MARC details
000 -LEADER
fixed length control field 00651nam a2200205Ia 4500
100 ## - MAIN ENTRY--AUTHOR NAME
Personal name Jacob C.K.
245 #0 - TITLE STATEMENT
Title Global competitiveness of Indian rubber plantation industry: Rubber Planters Conference India 2002
260 ## - PUBLICATION, DISTRIBUTION, ETC. (IMPRINT)
Name of publisher Rubber Research Institute of India, Kottayam, India, 379 p.
Year of publication 2003
650 ## - SUBJECT ADDED ENTRY--TOPICAL TERM
Topical Term Ancillary income
650 ## - SUBJECT ADDED ENTRY--TOPICAL TERM
Topical Term Crop harvesting
650 ## - SUBJECT ADDED ENTRY--TOPICAL TERM
Topical Term Crop improvement
650 ## - SUBJECT ADDED ENTRY--TOPICAL TERM
Topical Term Crop management
650 ## - SUBJECT ADDED ENTRY--TOPICAL TERM
Topical Term Crop processing
650 ## - SUBJECT ADDED ENTRY--TOPICAL TERM
Topical Term Crop protection
650 ## - SUBJECT ADDED ENTRY--TOPICAL TERM
Topical Term Environmental impact
650 ## - SUBJECT ADDED ENTRY--TOPICAL TERM
Topical Term Extension
650 ## - SUBJECT ADDED ENTRY--TOPICAL TERM
Topical Term Rubber plantation industry
942 ## - ADDED ENTRY ELEMENTS (KOHA)
Koha item type Bibliography STAF
Holdings
Withdrawn status Lost status Damaged status Not for loan Home library Current library Date acquired Koha item type
      Bibliography RRII Library RRII Library 09/04/2014 Bibliography STAF